00414nam a2200121Ia 4500003000400000005001700004008004100021040001800062041000800080100004600088245012200134260003600256OSt20260128093837.0211028s2017 xx 000 0 und d cAIMIT LIBRARY aeng aD Silva, Ronica; D Souza, Rayan.g1516129 aInfluence of employees self efficacy on their quality of work life at TML drivelines (A Tata enterprise) Jamshedpur / aMangalorebRayan D Souza.c2017